ENROLMENT AT UNIVERSITY LEVEL IN KENYA AND ITS EQUITY IMPLICATIONS: A CASE STUDY OF MOI UNIVERSITY (Record no. 15357)
[ view plain ]
| 000 -LEADER | |
|---|---|
| fixed length control field | 00607nam a22001337a 4500 |
| 050 ## - LIBRARY OF CONGRESS CALL NUMBER | |
| Classification Number | LC 212.2 |
| Item Number | .M54 |
| 100 ## - MAIN ENTRY--Author | |
| Personal name | Migori, Abere Joas |
| 245 ## - TITLE | |
| Title | ENROLMENT AT UNIVERSITY LEVEL IN KENYA AND ITS EQUITY IMPLICATIONS: A CASE STUDY OF MOI UNIVERSITY |
| Remainder of title | A Thesis Submitted in Partial Fulfillment of the Requirements of the Degree of Mater of Philosophy in Economics of Education and Planning Department of Educational Administration, Planning and Curriculum DevelopmenT. Moi University |
| 250 ## - EDITIONSTATEMENT | |
| Edition statement | 1998. |
| 260 ## - PUBLICATION, DISTRIBUTION, ETC.(IMPRINT) | |
| Place of publication, distribution, etc | Kenya: |
| 300 ## - PHYSICAL DESCRIPTION | |
| Extent | 139 p. |
| 650 ## - SUBJECT--TOPIC | |
| Topical term following geographic name as entry element | Gender identify in education |
| 942 ## - ADDED ENTRY ELEMENTS(KOHA) | |
| Source of classification or shelving scheme | Library of Congress Classification |
| Koha item type | Thesis |
No items available.